00481cam a2200169 45000010005000000030009000050050017000140080041000310400028000720820020001001000016001202450060001362500012001962600044002083000027002526500032002798300BD-DhUAP20200211122705.0200211s1998 enk 001 0 engd  aBD-DhUAPcBD-DhUAPbEng a346.5492066 ALI aAli, M. M.  aThe companies act, 1994 with commentaries /cM. M. Ali. a1st ed. aDhaka : bSeraj Book Syndicate,cc1998. axxi, 425 pagesc22 cm. 0aCorporation lawzBangladesh